000 00732nam a2200289Ia 4500
005 20260324133846.0
008 008 260324s9999 xx 000 0 eng d
020 _a9781315243856
037 _aEBOOK
040 _aCRL
040 _beng
040 _cCRL
041 _2eng
041 _aeng
084 _qCRL
100 _aBryan D. Spinks
_91178718
245 0 _aSacraments, Ceremonies and the Stuart Divines
245 0 _bSacramental Theology and Liturgy in England and Scotland 1603-1662
260 _bTaylor and Francis
260 _c2002
365 _a
365 _b230
856 _uhttp://www.taylorfrancis.com/books/9781315243856
942 _cEBOOK
999 _c1794141
_d1794141